[Event "Titled Tuesday intern op 06th Aug Late"]
[White "Vargas Benavides, Mauricio"]
[Black "Jagirapu, Harshin Reddy"]
[Site "Chess.com INT"]
[Round "10"]
[Result "0-1"]
[Date "2024.08.06"]
[WhiteElo "2000"]
[BlackElo "2041"]
[PlyCount "62"]
[EventDate "2024.08.06"]
[EventType "swiss (blitz)"]
[EventRounds "11"]
[EventCountry "USA"]
[SourceTitle "EXT 2025"]
[Source "ChessBase"]
[SourceDate "2024.10.14"]
[SourceVersion "1"]
[SourceVersionDate "2024.10.14"]
[SourceQuality "1"]

1. e4 c5 2. Nc3 Nc6 3. f4 g6 4. Nf3 Bg7 5. Bb5 Nd4 6. Bc4 e6 7. a4 d6 8. d3 Ne7 9. 0-0 0-0 10. Ne1 a6 11. Ne2 d5 12. exd5 exd5 13. Ba2 Bg4 14. Nf3 Nxf3+ 15. gxf3 Bh3 16. Rf2 Nf5 17. Ng3 Nxg3 18. hxg3 Bd4 19. c3 Bxf2+ 20. Kxf2 Re8 21. Qh1 Qe7 22. Qd1 Rad8 23. Bd2 Bf5 24. Qf1 c4 25. d4 Bd3 26. Qe1 Qe2+ 27. Qxe2 Rxe2+ 28. Kg1 Rxd2 29. Re1 Rxb2 30. Bb1 Rxb1 31. Rxb1 Bxb1 0-1

[Event "Titled Tuesday intern op 06th Aug Early"]
[White "Vargas Benavides, Mauricio"]
[Black "Manukian, Artak"]
[Site "Chess.com INT"]
[Round "1"]
[Result "0-1"]
[Date "2024.08.06"]
[WhiteElo "2000"]
[BlackElo "2104"]
[PlyCount "74"]
[EventDate "2024.08.06"]
[EventType "swiss (blitz)"]
[EventRounds "11"]
[EventCountry "USA"]
[SourceTitle "EXT 2025"]
[Source "ChessBase"]
[SourceDate "2024.10.14"]
[SourceVersion "1"]
[SourceVersionDate "2024.10.14"]
[SourceQuality "1"]

1. e4 c6 2. Nc3 d5 3. d3 Nf6 4. e5 Nfd7 5. f4 e6 6. Nf3 c5 7. g3 Nc6 8. Bg2 Rb8 9. 0-0 b5 10. Ne2 c4 11. d4 b4 12. c3 a5 13. g4 Nb6 14. Qe1 a4 15. Ng3 a3 16. bxa3 bxc3 17. Qxc3 g6 18. f5 Be7 19. f6 Bf8 20. Rf2 Na4 21. Qc2 Qa5 22. Rb1 Bd7 23. Rxb8+ Nxb8 24. Qb1 Qb5 25. Qc2 Nc6 26. Bf1 Nb6 27. Ne2 Qa4 28. Qxa4 Nxa4 29. Nf4 Bh6 30. Be2 0-0 31. g5 Bxg5 32. Nxg5 Nxd4 33. Bd1 Nc3 34. Bg4 h5 35. Bh3 Rb8 36. Rb2 Rd8 37. Rb7 Nxa2 0-1

[Event "Titled Tuesday intern op 06th Aug Late"]
[White "Vargas Benavides, Mauricio"]
[Black "Medina Paz, Miguel"]
[Site "Chess.com INT"]
[Round "3"]
[Result "0-1"]
[Date "2024.08.06"]
[WhiteElo "2000"]
[BlackElo "2368"]
[PlyCount "100"]
[EventDate "2024.08.06"]
[EventType "swiss (blitz)"]
[EventRounds "11"]
[EventCountry "USA"]
[SourceTitle "EXT 2025"]
[Source "ChessBase"]
[SourceDate "2024.10.14"]
[SourceVersion "1"]
[SourceVersionDate "2024.10.14"]
[SourceQuality "1"]

1. e4 e6 2. f4 d5 3. e5 c5 4. Nf3 Nc6 5. Bb5 Nge7 6. Bxc6+ Nxc6 7. 0-0 Bd7 8. d3 Qb6 9. Kh1 Be7 10. Nc3 0-0-0 11. a3 f6 12. exf6 gxf6 13. Rb1 d4 14. Ne4 f5 15. Neg5 Rdf8 16. Re1 Nd8 17. Ne5 Bxg5 18. Nxd7 Kxd7 19. fxg5 Nc6 20. Bf4 Re8 21. Qe2 e5 22. Bd2 e4 23. dxe4 fxe4 24. Qg4+ Kd8 25. Rxe4 Rxe4 26. Qxe4 Ne7 27. Bf4 Rf8 28. Re1 Rf7 29. b3 Qc6 30. Qe5 Rf5 31. Qb8+ Qc8 32. Qd6+ Qd7 33. Qb8+ Qc8 34. Bc7+ Kd7 35. Bf4 Qxb8 36. Bxb8 Nc6 37. Bg3 Rxg5 38. Rf1 Rg7 39. Bh4 b5 40. h3 Kc7 41. Rf5 Kb6 42. Rf6 Rd7 43. Rf3 c4 44. b4 d3 45. Bf2+ Kb7 46. cxd3 cxd3 47. Be1 d2 48. Bxd2 Rxd2 49. Rf7+ Kb6 50. Rxh7 Ra2 0-1